Normal view
MARC view
- الاقتصاد-ادارة
Entry Topical Term
001 - CONTROL NUMBER
- control field: 45442
003 - CONTROL NUMBER IDENTIFIER
- control field: JO-AjAnu
005 - DATE AND TIME OF LATEST TRANSACTION
- control field: 20230606081521.0
008 - FIXED-LENGTH DATA ELEMENTS
- fixed length control field: 230606|| aca||aabn | a|a d
040 ## - CATALOGING SOURCE
- Original cataloging agency: JO-AjAnu
- Transcribing agency: JO-AjAnu
150 ## - HEADING--TOPICAL TERM
- Topical term or geographic name entry element: الاقتصاد-ادارة
670 ## - SOURCE DATA FOUND
- Source citation: Work cat.: (JO-AjAnu)23267: الطائي، منى محمد علي, author 45441, الاقتصاد الاداري:اقتصاديات الاعمال،اقتصاديات المنشأة،الاقتصاد الجزئي التطبيقي